Qué es la educación vocacional basada en competencias ?
Salvato in:
| Autori principali: | , |
|---|---|
| Natura: | Libro |
| Lingua: | spagnolo |
| Pubblicazione: |
Santiago
CIDE
1993
|
| Serie: | Programa de educación para el trabajo
|
| Soggetti: | |
| Tags: |
Aggiungi Tag
Nessun Tag, puoi essere il primo ad aggiungerne!!
|
MARC
| LEADER | 00000nam a2200000 a 4500 | ||
|---|---|---|---|
| 001 | UCY0560 | ||
| 003 | CL-VaPUC | ||
| 008 | 940804e19930000CL |||||||||||||||||spa|d | ||
| 082 | 0 | 4 | |a 373.246 |b AND |2 21 |
| 100 | 0 | |a Andreani Pérez, Ricardo |e author |9 328320 | |
| 700 | 0 | |a Lluch A., Eliana |e author |9 328321 | |
| 245 | 1 | 0 | |a Qué es la educación vocacional basada en competencias ? |
| 300 | |a 63 p | ||
| 942 | |c BK | ||
| 945 | |d 19940804 00:00:00 |a rbrito | ||
| 260 | |a Santiago |b CIDE |c 1993 | ||
| 650 | 0 | |a Educación tecnológica |9 307597 | |
| 583 | |a last modification |c 19940804 00:00:00 |k Rodrigo Vera | ||
| 490 | 0 | |a Programa de educación para el trabajo | |
| 999 | |c 229538 |d 229536 | ||
| 952 | |0 0 |1 0 |4 0 |6 373_246000000000000_AND_1993 |7 0 |8 P |9 230789 |a BIBEDU |b BIBEDU |c BIBEDU_PB |d 2019-11-15 |i 2998645 |o 373.246 AND 1993 |p 2998645 |r 2024-01-25 |w 2019-11-15 |y BK |k EDU | ||